000 00937pam a2200289 i 4500
001 14052
003 BD-RjUL
005 20211208235550.0
008 140205s1980 mou b 001 0 eng
020 _a0801642043
035 _a(BD-RjUL)14104
040 _aDLC
_cDLC
_dDLC
_dBD-RjUL
_beng
041 _aeng
082 0 0 _a610.7368
_bROC 1980
100 1 _aRowan, Frances Power,
_d1938-
_943922
245 1 4 _aThe chronically distressed client :
_ba model for intervention in the community /
_cFrances Power Rowan.
260 _aSt. Louis :
_bMosby,
_cc1980.
300 _axiii, 217 p. ;
_c24 cm.
504 _aIncludes bibliographies and index.
650 0 _aMentally ill
_xRehabilitation.
_943923
650 0 _aMentally ill
_xRehabilitation
_xCase studies.
_943924
650 0 _aCommunity mental health services.
_943925
650 0 _aPsychiatric nursing.
_918645
942 _2ddc
_cBK
999 _c14052
_d14052